000 00821 a2200253 4500
999 _c200129122
_d31798
001 200129122
003 TR-AnTOB
005 20231208001033.0
008 130430s2009 tu 000 0
040 _aTR-AnTOB
_cTR-AnTOB
041 _atur
050 _aJC599.T9
_bB382 2009
090 _aJC599.T9 B382 2009
110 _aTürkiye.
_bİnsan Hakları Başkanlığı
_982452
245 1 0 _a2008 Türkiye İnsan Hakları Raporları =Turkey Human Rights Reports, /
_cT.C Başbakanlık İnsan Haklar Başkanlığı.
264 1 _aAnkara :
_bT.C Başbakanlık İnsan Haklar Başkanlığı,
_c2009
300 _a123p.:
_bports. ;
_c0 cm.
336 _2rdacontent
_atext
_btxt
337 _2rdamedia
_aunmediated
_bn
338 _2rdacarrier
_avolume
_bnc
650 0 _aİnsan hakları
_zTürkiye
_919346
942 _cBK
_2lcc